000 00667nam a2200241Ia 4500
003 OSt
005 20220925212411.0
006 a|||||r|||| 00| 0
007 ta
008 220923b |||||||| |||| 00| 0 eng d
037 _cGeneral Book
040 _aRTL
_cRTL
_beng
041 _2eng
_aeng
082 _aQ7, J3
100 _aBethmann Erich W
245 0 _aBridge to islam
_b A study of the religious forces o
260 _aLondon
_bAllen & near East UK
_c1953
300 _a240p
_ccm.
500 _aBib p. 219-29; Appendix p. 215-18
650 _aIslam
_9577
942 _hQ7, J3
_cGB
_2CC
999 _c560269
_d560269